Currencies of Europe Map Quiz - Statistics

General Stats
  • This quiz has been taken 1,397 times
  • The average score is 9 of 16
Answers on the Map
Answers color-coded by a green-red scale on the quiz's map according to % correct below.
 
Answer Stats
Answer % Correct
Euro
91%
Pound
91%
Ruble
88%
Franc
82%
Złoty
73%
Krona
63%
Krone
57%
Forint
52%
Hryvnia
50%
Koruna
47%
Lev
45%
Leu
42%
Lek
41%
Denar
37%
Mark
37%
Dinar
35%
No matching quizzes found
Score Distribution
Percent of People with Each Score
Percentile by Number Answered
Your Score History
You have not taken this quiz